000 01213nam a22003377a 4500
003 CHAP
005 20220817044436.0
008 110429s2010 it rn 00010 fre d
010 _a101091
011 _a102063
020 _a9789252064237
035 _a112751
040 _cCHAP
082 0 4 _a639.2
_bF41f v.1 supl. 2
110 2 _aFAO
245 1 0 _aOpérations de pêche :
_bmeilleures pratiques pour réduire les captures accidentelles d'oiseaux de mer dans les pêches de capture
_c/por FAO
260 _aRome :
_bFAO,
_c2010
300 _axii, 50 p. :
_btablas
490 0 _aFAO. Orientaciones técnicas para la pesca responsable
_v; 1 suppl. 2
590 _aBATCH-UPD
_b10
_c20130110
_lUCH01
_h1549
590 _aBATCH-UPD
_b10
_c20130410
_lUCH01
_h0948
590 _aBATCH-UPD
_b10
_c20130914
_lUCH01
_h0439
590 _aCONVERSION
_b10
_c20130109
_lUCH01
_h1356
650 1 4 _aAves acuáticas.
_98631
650 1 4 _aPesca marina.
_987438
650 1 4 _aPesca
_xMétodos.
_987402
830 0 _aFAO. Orientaciones técnicas para la pesca responsable
_v; 1 suppl. 2
_939642
901 _aBK
942 _cLIBRO
949 _a639.2 F41f v.1 supl. 2
_bBC
_cFAO
_d33724002256991
_eFAO1
_gDonaciØn
_h114759
_i112751
_sb
999 _c101091
_d101091